| 000 | 00405nam a2200181Ia 4500 | ||
|---|---|---|---|
| 008 | 210210b1880 xxu||||| |||| 00| 0 eng d | ||
| 041 | _aeng | ||
| 082 | _a829/88 | ||
| 100 | _aBRASSEY | ||
| 245 | _aVoyage in the sunbeam | ||
| 260 |
_aLondon _bLongmans Green & Co _c1880 |
||
| 650 | _aVoyage | ||
| 650 | _athe | ||
| 650 | _asunbeam | ||
| 650 | _ain | ||
| 690 | _aEnglish Fiction | ||
| 906 | _a016698 | ||
| 999 |
_c136363 _d136363 |
||